| 000 | 00663nam a22002057a 4500 | ||
|---|---|---|---|
| 999 |
_c4614 _d4614 |
||
| 003 | AR-CdUCM | ||
| 008 | 190311b ||||| |||| 00| 0 spa d | ||
| 040 |
_aMUNICIPALIDAD PROVINCIAL DEL CUSCO _cBIBLIOTECA MUNICIPAL DEL CUSCO |
||
| 082 |
_a869.15 / _bL27 |
||
| 100 |
_aLangagne, Eduardo _914394 |
||
| 245 | _aDonde habita el cangrejo / | ||
| 260 |
_aLa Habana : _bEdiciones Casa de las Américas, _c1980. |
||
| 300 |
_a69 páginas ; _c19 cm. |
||
| 500 | _aDonación de la familia Nieto. | ||
| 650 |
_aPoesía - México _914395 |
||
| 650 |
_aPoetas mexicanos _91504 |
||
| 650 |
_aPoesía mexicana - Siglo XX _914396 |
||
| 942 |
_2ddc _cLIBROS |
||
| 945 | _alccs | ||